000 00571nam a2200181 4500
001 121226
003 ES-MaACL
005 20250929063158.0
007 t|
008 070214s1962 sp r ||||1| spa d
100 0 _aPrévost, Antoine François,
_d1697-1763
_993814
245 1 0 _aManon Lescaut /
_cPrévost ; traducción íntegra de José María Claramunda Bés.
260 _aBarcelona :
_bZeus,
_c1962.
300 _a287 p. ;
_c18 cm.
700 1 _aClaramunda Bes, José María.
_938998
852 _aES-MaACL
_jC-22096
_bR.50730
999 _c121226
_d121226